Professional Development of Elementary/ (Record no. 211520)

MARC details
000 -LEADER
fixed length control field 00614nam a22001937a 4500
005 - DATE AND TIME OF LATEST TRANSACTION
control field 20250603103335.0
010 ## - LCCN (DPL NO)
LC control number ENG-145145
020 ## - INTERNATIONAL STANDARD BOOK NUMBER
International Standard Book Number 9789392568954
Terms of availability 750.00
035 ## - SYSTEM CONTROL NUMBER
System control number EN-128677
037 ## - SOURCE OF ACQUISITION
Source of stock number/acquisition DBAD
082 ## - DEWEY DECIMAL CLASSIFICATION NUMBER
Classification number 370.71
100 ## - MAIN ENTRY--PERSONAL NAME
Personal name Mittireeddy, Venkataramana
245 ## - TITLE STATEMENT
Title Professional Development of Elementary/
Remainder of title Venkataramana Mittireddy
260 ## - PUBLICATION, DISTRIBUTION, ETC. (IMPRINT)
Place of publication, distribution, etc Chhattisgarh
Name of publisher, distributor, etc Aditi Publication
270 ## - ADDRESS
Address Opp. New Panchajanya vidya Mandir, Near Tiranga Chowk
City Raipur
Postal code 492001
300 ## - PHYSICAL DESCRIPTION
Extent 278 p.
Dimensions 20 cm.(Pb)
500 ## - GENERAL NOTE
General note Teacher Educators
942 ## - ADDED ENTRY ELEMENTS (KOHA)
Source of classification or shelving scheme Dewey Decimal Classification
Item type English Books
Classification part 370.71
Call number suffix MIT
Holdings
Withdrawn status Lost status Not for loan Collection code Home library Current library Date acquired Source of acquisition Cost, normal purchase price Full call number Barcode Copy number Cost, replacement price Koha item type
      Non-fiction New Police Line New Police Line 03/06/2025 DBAD 750.00 370.71 MIT EN-128677 1 750.00 English Books

© Delhi Public Library
Hit Counter
free hit counter